|
|
|
|
| LEADER |
00000nab#a22000007a#4500 |
| 001 |
arbauad038122 |
| 003 |
AR-BaUAD |
| 005 |
20250711113005.0 |
| 008 |
990712|||||||||###||||||b###|0###a|spa|| |
| 040 |
|
|
|a AR-BaUAD
|c AR-BaUAD
|b spa
|
| 245 |
1 |
0 |
|a La tradición esencial
|b bloques de viviendas en Nüziders Austria
|
| 300 |
0 |
|
|b cortes, fot., plantas, vistas
|
| 653 |
|
|
|a EDIFICIOS DE VIVIENDAS
|
| 653 |
|
|
|a CONJUNTOS HAB. DE BAJA DENS.
|
| 653 |
|
|
|a BAUMSCHLAGER-EBERLE
|
| 653 |
|
|
|a AUSTRIA
|
| 653 |
|
|
|a BAUMSCHLAGER, CARLO
|
| 653 |
|
|
|a EBERLE, DIETMAR
|
| 773 |
0 |
|
|t ARQUITECTURA VIVA
|g no. 64 [ene.-feb. 1999], p. 22-25
|
| 942 |
|
|
|c ARTI
|
| 952 |
|
|
|0 0
|1 0
|4 0
|7 0
|9 83041
|a AR-BAuAD
|b AR-BAuAD
|d 2025-07-11
|l 0
|p AAQA038122
|r 2025-07-11 11:30:05
|w 2025-07-11
|y ARTI
|
| 990 |
|
|
|a AQ199
|b TD
|
| 998 |
|
|
|a AAQ
|b BIBUN76
|
| 999 |
|
|
|c 62714
|d 62714
|